崩壊:スターレイルキャラ名クイズ - Statistics

General Stats
  • This quiz has been taken 418 times
  • The average score is 32 of 57
Answer Stats
Hint Answer % Correct
主人公(女*漢字で)
95%
聞いて: カフカ
86%
「知恵」の使令 ヘルタ
85%
主人公(男*漢字で)
84%
ヨアヒム・ノキアンビルタネン ヴェルト
79%
三月なのか
77%
最初のPU ゼーレ
76%
「砂金石」 アベンチュリン
76%
丹恒
74%
姫子
71%
銀狼
71%
「黄玉」 トパーズ
71%
70%
「神策将軍」 景元
69%
「翡翠」 ジェイド
66%
アスター
64%
13歳 ギャラガー
63%
ブローニャ
62%
黄泉
61%
アーラン
60%
花火
60%
ジェパード
59%
サンポ
59%
「こいつはご褒美だ!」 ブートヒル
57%
白露
55%
龍尊 飲月
55%
カス(スタレの恥) 彦卿
54%
ロビン
54%
セーバル
53%
クラーラ
53%
停雲
53%
ペラ
52%
最強(笑)の星四 ルカ
52%
リンクス
51%
ナターシャ
50%
フック
50%
ルアン・メェイ
48%
〇〇ダヨッ 雲璃
48%
ブラックスワン
48%
符玄
47%
エコロ= 羅刹
47%
「三無将軍」 飛霄
44%
フォフォ
44%
ミーシャ
44%
鏡流
43%
Dr.レイシオ
43%
青雀
42%
モゼ
41%
アルジェンティ
37%
御空
36%
雪衣
35%
桂乃芬
35%
素裳
33%
寒鴉
32%
椒丘
32%
霊砂
31%
「朱明」の将軍 懐炎
27%
No matching quizzes found
Score Distribution
Percent of People with Each Score
Percentile by Number Answered
Your Score History
You have not taken this quiz